Normal view
MARC view
Entry Personal Name
001 - CONTROL NUMBER
- control field: 21353
003 - CONTROL NUMBER IDENTIFIER
- control field: ARRUPE
005 - DATE AND TIME OF LATEST TRANSACTION
- control field: 20151216105647.0
008 - FIXED-LENGTH DATA ELEMENTS
- fixed length control field: 151216|| aca||aabn | a|a d
040 ## - CATALOGING SOURCE
- Original cataloging agency: ARRUPE
- Transcribing agency: ARRUPE
100 ## - HEADING--PERSONAL NAME
- Personal name: Karma Thinley,
- Titles and other words associated with a name: Lama Wangchhim.
670 ## - SOURCE DATA FOUND
- Source citation: Work cat.: (ARRUPE)0: Karma Thinley, Lama Wangchhim., The history of the sixteen Karmapas of Tibet /, 1980.